1935 1901 1666 1851 1381 1755 1263 1000 1876 1588 1154 1286 1726 1370 1618 1226 1334 1796 1000 1825 1450 1071 1309 1287 1507 1756 1967 1618 1777 1532 1649 1948 1886 1983 1389 1267 1387 1553 1410 1882 1716 1579 1679 1375 1184 1851 1665 1816 1541 1436 1605 1770 1042 1689 1163 1370 1207 1562 1145 1342 1843 1162 1991 1058 1776 1461 1198 1373 1554 1694 1633 1596 1013 1727 1093 1488 1262 1444 1628 1784 1997 1784 1476 1436 1219 1747 1193 1692 1499 1365 1488 1529 1503 1002 1475 1534 1031 1668 1475 BCNSPRNW ULIB Ver.6.0+V

เปลี่ยนเป็นภาษาไทย

Change to English
 แสดงรายละเอียดบรรณานุกรม
  กลับหน้าหลัก

Brief Record : Get Marc (ISO 2709) : E-mail record : QR code < ปิดหน้าต่าง
LEADER : 00000nam 2200000uu 4500
001    13399128259
003     ULIB
008    220826s2564||||th 000 0 tha d
020    ^a9786168199763
050    ^aนว.^bศ465ช
100  0 ^aศิริพารา
245  1 ^aชะตาพยศรัก /^cศิริพารา
250    ^aพิมพ์ครั้งที่ 1
260    ^aกรุงเทพฯ :^bดีต่อใจ,^c2564
300    ^a543 หน้า
650    ^aนวนิยายไทย
945    ^p460^l0^i29457
999    ^aกัณชพร จุลอักษร
รายการนี้ยังไม่มีแท็ก
คุณยังไม่ได้ล็อกอิน คุณสามารถมีกิจกรรมร่วมกับเว็บไซต์ได้ แต่ต้องล็อกอินก่อน ::
  ล็อกอิน

รายการสื่อสารสนเทศ

ลำดับที่ ประเภท เลขเรียก/บาร์โค้ด สถานที่ สถานะ
1. วิทยาศาสตร์การแพทย์ และสุขภาพ
วิทยาศาสตร์การแพทย์ และสุขภาพ
นว. ศ465ช ฉ.1 
  Barcode: 29457
ห้องสมุดวิทยาเขตนครสวรรค์
►นวนิยาย:l:Fiction
บนชั้น

รายการใกล้เคียง
    ผู้แต่ง [ศิริพารา]

    หัวเรื่อง [นวนิยายไทย]

BibComment


ยังไม่เคยถูกคอมเมนท์

คอมเมนท์ทรัพยากรรายการนี้
  คอมเมนท์: ชะตาพยศรัก ศิริ..


 Copyright 2026. Bcnsprnw @Library